<?xml version="1.0" encoding="UTF-8"?>
<record
    xmlns:xsi="http://www.w3.org/2001/XMLSchema-instance"
    xsi:schemaLocation="http://www.loc.gov/MARC21/slim http://www.loc.gov/standards/marcxml/schema/MARC21slim.xsd"
    xmlns="http://www.loc.gov/MARC21/slim">

  <leader>00544nam a22001817a 4500</leader>
  <datafield tag="952" ind1=" " ind2=" ">
    <subfield code="0">0</subfield>
    <subfield code="1">0</subfield>
    <subfield code="2">ddc</subfield>
    <subfield code="4">0</subfield>
    <subfield code="7">0</subfield>
    <subfield code="8">NFIC</subfield>
    <subfield code="a">ASL</subfield>
    <subfield code="b">ASL</subfield>
    <subfield code="c">GEN</subfield>
    <subfield code="d">2021-04-01</subfield>
    <subfield code="e">ASB Library Collections</subfield>
    <subfield code="l">0</subfield>
    <subfield code="o">921 RUA</subfield>
    <subfield code="p">108160</subfield>
    <subfield code="r">2021-04-01 00:00:00</subfield>
    <subfield code="t">C-1</subfield>
    <subfield code="w">2021-04-01</subfield>
    <subfield code="y">BK</subfield>
    <subfield code="z">RARE</subfield>
  </datafield>
  <datafield tag="999" ind1=" " ind2=" ">
    <subfield code="c">23661</subfield>
    <subfield code="d">23661</subfield>
  </datafield>
  <controlfield tag="003">BDDh-ASL</controlfield>
  <controlfield tag="005">20231015030254.0</controlfield>
  <controlfield tag="008">210401s1967    e  ||||| |||| 00| 0 eng d</controlfield>
  <datafield tag="040" ind1=" " ind2=" ">
    <subfield code="a">BDDh-ASL</subfield>
    <subfield code="c">BDDh-ASL</subfield>
  </datafield>
  <datafield tag="082" ind1=" " ind2=" ">
    <subfield code="a">921</subfield>
    <subfield code="b">RUA </subfield>
  </datafield>
  <datafield tag="100" ind1="1" ind2=" ">
    <subfield code="9">3582</subfield>
    <subfield code="a">Russell, Bertrand </subfield>
    <subfield code="d">1872-1914</subfield>
  </datafield>
  <datafield tag="245" ind1="1" ind2="4">
    <subfield code="a">The Autobiography of Bertrand Russell: 1872-1914 / </subfield>
  </datafield>
  <datafield tag="260" ind1=" " ind2=" ">
    <subfield code="a">London:</subfield>
    <subfield code="b">George Allen and Unwin Ltd., </subfield>
    <subfield code="c">1967. </subfield>
  </datafield>
  <datafield tag="300" ind1=" " ind2=" ">
    <subfield code="a">230 p. :</subfield>
    <subfield code="c">24 cm. </subfield>
  </datafield>
  <datafield tag="600" ind1="1" ind2="0">
    <subfield code="9">3582</subfield>
    <subfield code="a">Russell, Bertrand </subfield>
    <subfield code="d">1872-1914</subfield>
  </datafield>
  <datafield tag="650" ind1=" " ind2="0">
    <subfield code="9">1339</subfield>
    <subfield code="a">Biography</subfield>
  </datafield>
  <datafield tag="942" ind1=" " ind2=" ">
    <subfield code="2">ddc</subfield>
    <subfield code="c">BK</subfield>
  </datafield>
</record>
